|
|
|
|
| LEADER |
01633nam a2200277 i 4500 |
| 001 |
GR-Patra306 |
| 003 |
GR-PaULI |
| 005 |
20230406175758.0 |
| 008 |
111024s2004 gr a g 000 0 gre d |
| 952 |
|
|
|0 0
|1 0
|2 ddc
|4 0
|6 621_320000000000000_ΤΣΑ
|7 0
|9 368438
|a LISP
|b LISP
|c BSC
|d 2023-02-06
|i 50655
|l 0
|o 621.32 ΤΣΑ
|p 025000297894
|r 2023-02-06 00:00:00
|t 1
|v 2023.00
|w 2023-02-06
|y BK15
|
| 952 |
|
|
|0 0
|1 0
|2 ddc
|4 0
|6 621_320000000000000_ΤΣΑ
|7 0
|9 369837
|a LISP
|b LISP
|c BSC
|d 2023-03-13
|i 60773
|l 0
|o 621.32 ΤΣΑ
|p 025000299016
|r 2023-03-13 00:00:00
|t 2
|w 2023-03-13
|y BKN
|
| 952 |
|
|
|0 0
|1 0
|2 ddc
|4 0
|6 621_320000000000000_ΤΣΑ
|7 0
|9 370825
|a LISA
|b LISA
|c BSC
|d 2023-04-06
|i 17156
|l 0
|o 621.32 ΤΣΑ
|p 025000278656
|r 2023-04-06 00:00:00
|t 3
|w 2023-04-06
|y BK
|
| 952 |
|
|
|0 0
|1 0
|2 ddc
|4 0
|6 621_320000000000000_ΤΣΑ
|7 0
|9 371873
|a MSLG
|b MSLG
|c BSC
|d 2023-05-19
|i 49202
|l 0
|o 621.32 ΤΣΑ
|p 992410049202
|r 2023-05-19 00:00:00
|t 4
|w 2023-05-19
|y BK15
|
| 952 |
|
|
|0 0
|1 0
|2 ddc
|4 0
|6 621_320000000000000_ΤΣΑ
|7 0
|9 375136
|a LISK
|b LISK
|c BSC
|d 2023-11-02
|i 49203
|l 0
|o 621.32 ΤΣΑ
|p 992410049203
|r 2023-11-02 00:00:00
|t 5
|w 2023-11-02
|y BK15
|
| 999 |
|
|
|c 179180
|d 179180
|
| 040 |
|
|
|a GrPaTEI
|b gre
|c GR-PaULI
|e AACR2
|
| 082 |
0 |
4 |
|a 621.32
|2 23
|
| 100 |
1 |
|
|a Τσακίρης, Αντώνιος Ι.
|9 196605
|e συγγραφέας.
|
| 245 |
1 |
0 |
|a Φωτοτεχνία /
|c Αντωνίου Ι. Τσακίρη.
|
| 260 |
|
|
|a Αθήνα :
|b [χ.ο.],
|c 2004.
|
| 300 |
|
|
|a 951 σ. :
|b πίν., σχ. ;
|c 24 εκ.
|
| 504 |
|
|
|a Βιβλιογραφία: σ. 951.
|
| 650 |
|
4 |
|a Φωτισμός
|9 2343
|x
|
| 650 |
|
4 |
|a Φωτεινές πηγές
|9 64531
|
| 942 |
|
|
|2 ddc
|c BK
|
| 998 |
|
|
|c ΜΙΧΟΣΤΑΥΡΟΥ
|d 2023-04
|